000 01955nam a22003257a 4500
001 1703
003 FISKH
005 20230922143032.0
008 230918b cb ||||| |||| 00| 0 khr d
020 _a9789924340751
040 _aFISKH
_beng
_cFISKH
_dFISKH
082 _a649.124
100 _aVanthary, Oum
245 _aខ្ញុំរៀនលេខពី ៦ដល់១០ /
250 _aបោះពុម្ពលើទី ៥ មិថុនា ២០២២​​
260 _aPhnom Penh :
_bSipar,
_c2022.
300 _a24 pages :
_billustrations ;
_c27 cm
490 _aម៉ុនតេសូរី
490 _a Montessori
505 _aD
520 _aគឺជាសៀវភៅដំបូងគេសម្រាប់រៀនពីរបៀបសរសេរអក្សរ និងលេខ ដែលជួយកុមារកំណត់អត្តសញ្ញាណ រាប់ និងលេងហ្គេមផ្សេងៗតាមរយៈការលាបពណ៌។ ជាងនេះទៅទៀត វាជាឧបករណ៍សិក្សាសម្រាប់ឪពុកម្តាយ និងលោកគ្រូអ្នកគ្រូ ដើម្បីអនុវត្តរួមគ្នា និងមើលឃើញពីការរីកចម្រើនរបស់កុមារ។
520 _aThe first books for learning how to write letters and numbers that help children identify, count, and play different games by coloring. It’s also a study tool for parents and teachers to practice together and see the progress of their children.
521 8 _a160
_bLexile estimate AD
521 8 _aD
_bRaz-Plus
650 _aម៉ុនតេសូរី
_vល្បែងកំសាន្ត
_xរៀន
650 _2Montessori
_vGame
_xLearning
700 _a Sodany, Ouch
_eAuthor
700 _aVisoth, Seng
_eillustrator
942 _2ddc
_cKHB
_n0
999 _c1703
_d1703